000 00829nam a22002297a 4500
999 _c63962
_d63962
005 20240530110708.0
008 171225s2016 ua a g b 000 0dara d
017 _a2015/16160
_bمصر. دار الكتب
020 _a9789773192464
040 _aEG-CaGPL
_cEG-CaGPL
082 0 4 _221
_a070.49\
_bأ ت
100 0 _aاحمد عبيد
245 1 2 _aالتحليل الموضوعى للصور الصحفية :
_bالاسس والتطبيقات /
_cاحمد عبيد .
250 _aط.1
260 _aالقاهرة :
_bالعربى للنشر و التوزيع ،
_c2016 .
300 _a270 ص. ؛
_c24 سم.
650 0 7 _2qrmak
_aمواقع التواصل الاجتماعى
650 0 7 _2qrmak
_aالغش الالكترونى
651 _2qrmak
942 _2ddc
_cBK